Poetry of the Taliban (Record no. 321333)

000 -LEADER
fixed length control field 00466 a2200157 4500
001 - CONTROL NUMBER
control field 86260
003 - CONTROL NUMBER IDENTIFIER
control field NUST
005 - DATE AND TIME OF LATEST TRANSACTION
control field 20180122102943.0
008 - FIXED-LENGTH DATA ELEMENTS--GENERAL INFORMATION
fixed length control field 180122b xxu||||| |||| 00| 0 eng d
020 ## - INTERNATIONAL STANDARD BOOK NUMBER
International Standard Book Number 9780199066964
082 ## - DEWEY DECIMAL CLASSIFICATION NUMBER
Classification number 891.5931 MIR
100 ## - MAIN ENTRY--PERSONAL NAME
Personal name Mirwais Rahmany ; Hamid Stanikzai ; Alex Strick van Linschoten ; Felix Kuehn ; Taliban.
9 (RLIN) 9453
245 ## - TITLE STATEMENT
Title Poetry of the Taliban
Medium English
250 ## - EDITION STATEMENT
Edition statement 1st
260 ## - PUBLICATION, DISTRIBUTION, ETC.
Place of publication, distribution, etc. Karachi
Name of publisher, distributor, etc. Oxford university Press
Date of publication, distribution, etc. 2012
300 ## - PHYSICAL DESCRIPTION
Extent xlvii 200p.
500 ## - GENERAL NOTE
General note General Collection
942 ## - ADDED ENTRY ELEMENTS (KOHA)
Institution code [OBSOLETE] CAE NUST
Koha item type Book
Call number prefix 891.5931 MIR
Source of classification or shelving scheme
Holdings
Withdrawn status Lost status Damaged status Not for loan Collection code Permanent Location Current Location Date acquired Total Checkouts Full call number Barcode Date last seen Price effective from Koha item type
          College of Aeronautical Engineering (CAE) College of Aeronautical Engineering (CAE) 04/03/2017   891.5931 MIR CAE85204 04/05/2017 04/05/2017 Book
© 2023 Central Library, National University of Sciences and Technology. All Rights Reserved.